000 00321pab a2200133 454500
008 180718b2006 xxu||||| |||| 00| 0 eng d
100 _aStevens, Jacqueline
245 _aRecreating the state
260 _c2006
300 _ap.755-66.
650 _aInternational law
773 _aThird World Quarterly
909 _a72912
999 _c72912
_d72912